| 000 | 00643nam a2200193 i 4500 | ||
|---|---|---|---|
| 001 | 42291 | ||
| 003 | ES-MaACL | ||
| 005 | 20230906160601.0 | ||
| 007 | t| | ||
| 008 | 030313m19321933sp ||||1| spa d | ||
| 100 | 0 |
_aCastillo, Wenceslao del. _936723 |
|
| 245 | 1 | 0 |
_aGeofísica aplicada / _csumario de las lecciones explicadas por Wenceslao Castillo. |
| 260 |
_aMadrid : _bE. Nieto, _c1932-1933. |
||
| 300 |
_a3 v. ; _c22 cm. |
||
| 500 | _aPrecede al tít.: Escuela Especial de Ingenieros de Minas. | ||
| 500 | _aEjemplar linotipiado. | ||
| 710 | 2 |
_aEscuela Especial de Ingenieros de Minas (Madrid) _9172992 |
|
| 852 |
_aES-MaACL _jA-1945-47 |
||
| 999 |
_c42291 _d42291 |
||